Responses for show #832 - Tuesday, March 29, 1988

Steven Popper game 2.

Contestants

[<< previous game]

Terry Sheldon, an entrepreneur from Pittsburgh, Pennsylvania

Mary Haney, an assistant director for an alumni association from Brooklyn, New York

Steven Popper, an economist originally from Minneapolis, Minnesota (whose 1-day cash winnings total $10,200)

[next game >>]

Jeopardy! Round responses

SCIENCE
WOMEN IN HISTORY
COUNTRY CROONERS
WEDDINGS
LEATHER
"BROAD" MINDED
    $100 3
(Terry: What is gold?)

silver

StevenTerry
    $100 1
St. Louis

Steven
    $100 26
George Straight

Triple Stumper
    $100 17
the Incas

Terry
    $100 10
London

Steven
    $100 13
Broadway

Mary
    $200 6
Mickey Mouse

Terry
    $200 2
Marie Curie

Terry
    $1,000 27
[The song was reprised going into the break.]

Ronnie Milsap

Terry
    $200 19
the veil

Steven
    $200 12
a tannery

Steven
    $200 14
broadloom

Terry
    $300 7
a month

Steven
    $300 4
(Terry: I don't have any idea.)
(Mary: Who is Hussein?)

the Shah of Iran

StevenMaryTerry
    $300 28
Sylvia

Triple Stumper
    $300 23
(Terry: What is the arch?)
(Alex: Mmm... Be more specific on that one.)
(Terry: My wife's Jewish but I don't know the name of it.)

the canopy (or the chuppah)

StevenTerry
    $300 15
a design

Terry
    $300 20
broad leaf

Terry
    $400 8
perihelion

Steven
    $400 5
George Washington

Terry
    $400 29
[The end-of-round signal sounds.]

Bill Anderson

Terry
    $400 24
a sacrament

Steven
    $400 16
chamois

Mary
    $400 21
broadcloth

Steven
    $500 9
gamma

Terry
    $500 11
Clara Barton

Terry
    $500 25
(Mary: What is Mendelssohn's?)

(Richard) Wagner

MaryTerry
    $500 18
a goat

Triple Stumper
    $500 22
broadside

Terry

Scores at the first commercial break (after clue 14):

Steven Mary Terry
$1,500 -$200 $1,600

Scores at the end of the Jeopardy! Round:

Steven Mary Terry
$2,800 -$300 $4,400

Double Jeopardy! Round responses

GREEK DRAMA
MILITARY MEN
THE LOW COUNTRIES
THE PLANT KINGDOM
ADJECTIVES
(Alex: Either single or hyphenated.)
MOVIE TRIVIA
    $200 5
Cyclops

Mary
    $200 2
the Philippines

Steven
    $200 29
[The end-of-round signal sounds.]

Zaire (the Belgian Congo)

Steven
    $200 8
a blade

Steven
    $200 23
(Mary: What is a flake?)

flaky

MaryTerry
    $200 25
Citizen Kane

Terry
    $400 7
(Mary: What is Mercury?)

Achilles

MaryTerry
    $400 3
Eddie Rickenbacker

Steven
    $400 6
(Mary: What is a principality?)

a grand duchy

StevenMary
    $400 11
fossils

Steven
    $400 1
vacuum-packed

Steven
    $400 26
the legs

Steven
    $600 13
Helen (of Troy)

Steven
    $2,000 4
the Qukaer Church (the Society of friends)

Steven
    $600 16
the Netherlands

Steven
    $600 12
a pine tree

Steven
    $600 19
flambe

Terry
    $600 27
tears

Mary
    $800 14
the Peloponnesian War

Steven
    $800 9
McClellan

Terry
    $2,000 17
Luxembourg, Brussels & The Hague (Amsterdam also acceptable)

Steven
    $800 20
the eye

Steven
    $800 22
detective

Steven
    $800 28
the French Revolution

Steven
    $1000 15
Prometheus

Mary
    $1000 10
General Curtis LeMay

Triple Stumper
    $1000 18
Flanders

Mary
    $1000 21
(Steven: What is the blossom?)
(Mary: What is the sepal?)
(Terry: What is a stamen?)

the pistil

StevenMaryTerry
Triple Stumper
    $1000 24
(Alex: One minute to go.)

dulcet

Triple Stumper

Scores at the end of the Double Jeopardy! Round:

Steven Mary Terry
$13,400 $500 $5,600
(lock game)

[wagering suggestions for these scores]

Final Jeopardy! Round responses

PRESIDENTIAL INAUGURATIONS
MaryWho is Lincoln?
$500
TerryWho was F.D.R.?
$4,500
StevenWho was F.D. Roosevelt?
$2,100
Franklin Delano Roosevelt

Final scores:

Steven Mary Terry
$15,500 $0 $10,100
2-day champion: $25,700 3rd place: a side-by-side refrigerator/freezer + Jeopardy! box game 2nd place: a trip for 2 to Tampa, Florida + Jeopardy! box game

Game dynamics:

Coryat scores:

Steven Mary Terry
$10,800 $500 $4,800
28 R
(including 2 DDs),
1 W
6 R,
6 W
18 R
(including 1 DD),
4 W

Combined Coryat: $16,100

The J! Archive is created by fans, for fans. The Jeopardy! game show and all elements thereof, including but not limited to copyright and trademark thereto, are the property of Jeopardy Productions, Inc. and are protected under law. This website is not affiliated with, sponsored by, or operated by Jeopardy Productions, Inc. Join the discussion at JBoard.tv.